000 00209 a2200097 4500
001 26190
100 _aPrice A
245 _aSpitfire a documentary history
260 _a
_bMacdonald
_c
090 _c17669
_d17669
942 _aNUST-CAE
_cM
_c8523
999 _c261263
_d261263